000 00679nas a2200241Ia 4500
001 R522/C4993
003 IT-RoPAU
008 151124c99999999xx |||||||||||| ||und||
040 _aIT-RoPAU
040 _cIT-RoPAU
041 _aITALIANO
100 _aAA.VV.
_gCodice Aut. SPICS: 12000
210 _aCOLORS
222 _aColors
245 _aCOLORS, N.007 (1994)
_bColors, N.007 (1994)
250 _a1a ed.
260 _aTREVISO
_bCOLORS
_c1994
501 _bPaulus - SPICS - Società San Paolo EM (non-commercial uses only)
_cCopyright2015
300 _a138 p.
362 _aN.007 (1994)
650 _aPUBBLICITA' - MARKETING
_vPUBBLICAZIONE PERIODICA
942 _cCR
999 _c187989
_d187989